000 00822nam a2200253 a 4500
001 000042337
003 OSt
005 20201125081815.0
008 100519s2013 dr a r 000 0 spa d
020 _z9789945472288
040 _aDO-SdBNP
_bspa
_cBNPHU
082 _a540.7
_bM539q, 2013
100 1 _aMendoza Cid, Carmen Leticiade
_969405
245 1 0 _aQuímica :
_bprácticas de laboratorio /
_cCarmen Leticia Mendoza de Cid.
250 _a2a ed.
260 _aSanto Domingo :
_bINTEC,
_c2013.
300 _a66 p. :
_bil. ;
_c28 cm.
504 _aBibliografía : p. 66
590 _aInventariado, 2020/BT
650 4 _aQuímica analística
_vProblemas, ejercicios, etc.
_977403
650 4 _aQuímica
_vProblemas, ejercicios, etc.
_977315
650 4 _aQuímica analítica
_vExperimentos
_977404
942 _2ddc
_cLBS1
999 _c41826
_d41826